000 00420nam a2200193Ia 4500
003 OSt
005 20221005124705.0
006 a|||||r|||| 00| 0
007 ta
008 221004b |||||||| |||| 00| 0 eng d
024 _a113109
037 _cTextual
040 _aCRL
_cCRL
_beng
041 _2eng
_aeng
100 _aManto
245 0 _aNav Story
942 _cTEXL
_2cc
999 _c1051312
_d1051312